000 00478nam a2200181Ia 4500
005 20260429112157.0
008 260429s9999||||xx |||||||||||||| ||und||
020 _a9781639878857
041 _aEnglish
082 _a628.96
_bWEL
100 _aWells, Harley
245 0 _aRecent advances in crop protection /
_cHarley Wells
250 _a1st ed.
260 _aNew York :
_bMurphy and Moore,
_c2024.
300 _avii, 243 p.; hb
650 _aCrop protection
942 _cTB
999 _c52740
_d52740